[Event "RN-2016-0-01239"]
[Site "LSS email"]
[Date "2016.12.27"]
[Round "?"]
[White "Masek, Lubos"]
[Black "Bortnicker, Justin"]
[Result "0-1"]
[WhiteElo "1014"]
[BlackElo "883"]
[PlyCount "34"]
[EventDate "2016.12.21"]
[EventType "tourn (corr)"]
[EventRounds "6"]
[EventCountry "GER"]
[SourceTitle "Corr 2022"]
[Source "ChessBase"]
[SourceDate "2021.10.24"]
[SourceVersion "1"]
[SourceVersionDate "2021.10.24"]
[SourceQuality "1"]

1. d4 d5 2. Nf3 Bg4 3. e3 Nf6 4. c4 c6 5. Nc3 Qc7 6. h3 Bh5 7. b3 e6 8. Bb2 Bb4 9. Bd3 Ne4 10. Rb1 Nxc3 11. Bxc3 Bxc3+ 12. Ke2 0-0 13. Bxh7+ Kxh7 14. Qd3+ Kh8 15. Qxc3 Nd7 16. g4 Bg6 17. h4 Bxb1 0-1

[Event "RN-2016-0-01239"]
[Site "LSS email"]
[Date "2016.12.27"]
[Round "?"]
[White "Venturas, Bob"]
[Black "Masek, Lubos"]
[Result "0-1"]
[WhiteElo "601"]
[BlackElo "1014"]
[PlyCount "58"]
[EventDate "2016.12.21"]
[EventType "tourn (corr)"]
[EventRounds "6"]
[EventCountry "GER"]
[SourceTitle "Corr 2022"]
[Source "ChessBase"]
[SourceDate "2021.10.24"]
[SourceVersion "1"]
[SourceVersionDate "2021.10.24"]
[SourceQuality "1"]

1. e4 c5 2. Nf3 d6 3. h3 e6 4. d4 cxd4 5. Nxd4 Nf6 6. Nc3 a6 7. Be2 Be7 8. Bg5 0-0 9. 0-0 Nxe4 10. Bxe7 Nxc3 11. Bxd8 Nxd1 12. Bc7 Nxb2 13. a4 d5 14. Rfb1 Nc4 15. Bxc4 dxc4 16. Rb4 Nc6 17. Rxc4 Nxd4 18. Rxd4 f6 19. Rad1 e5 20. Rd8 Rxd8 21. Rxd8+ Kf7 22. Kf1 b5 23. a5 Bb7 24. Rd7+ Kg6 25. Bb6 Be4 26. c3 Rc8 27. Ra7 Rxc3 28. Rxa6 b4 29. Be3 Bd3+ 0-1

[Event "OP-2016-0-04232"]
[Site "LSS email"]
[Date "2016.12.18"]
[Round "?"]
[White "Masek, Lubos"]
[Black "Plutarco, Fosca"]
[Result "0-1"]
[WhiteElo "972"]
[BlackElo "1544"]
[PlyCount "52"]
[EventDate "2016.12.12"]
[EventType "tourn (corr)"]
[EventRounds "4"]
[EventCountry "GER"]
[SourceTitle "Corr 2022"]
[Source "ChessBase"]
[SourceDate "2021.10.24"]
[SourceVersion "1"]
[SourceVersionDate "2021.10.24"]
[SourceQuality "1"]

1. d4 d5 2. Nf3 c6 3. e3 Nf6 4. c4 Bg4 5. Nc3 e6 6. a3 Nbd7 7. h3 Bh5 8. Bd3 Bd6 9. 0-0 0-0 10. cxd5 exd5 11. Re1 Re8 12. e4 dxe4 13. Nxe4 Nxe4 14. Bxe4 Qb6 15. g4 Bg6 16. Bxg6 hxg6 17. b4 Rxe1+ 18. Qxe1 Qb5 19. Bb2 Nf8 20. Qc3 Ne6 21. Re1 Qd5 22. Ne5 Nf4 23. Qg3 Bxe5 24. dxe5 Ne2+ 25. Rxe2 Qd1+ 26. Kg2 Qxe2 0-1

[Event "SN-2016-0-00819"]
[Site "LSS email"]
[Date "2016.12.18"]
[Round "?"]
[White "Venturas, Bob"]
[Black "Masek, Lubos"]
[Result "0-1"]
[WhiteElo "537"]
[BlackElo "988"]
[PlyCount "72"]
[EventDate "2016.12.03"]
[EventType "tourn (corr)"]
[EventRounds "6"]
[EventCountry "GER"]
[SourceTitle "Corr 2022"]
[Source "ChessBase"]
[SourceDate "2021.10.24"]
[SourceVersion "1"]
[SourceVersionDate "2021.10.24"]
[SourceQuality "1"]

1. e4 c5 2. Nf3 d6 3. h3 e6 4. Nc3 a6 5. d4 cxd4 6. Nxd4 h6 7. Bd3 Nf6 8. 0-0 Qc7 9. Bf4 e5 10. Bxe5 dxe5 11. Nf3 Nc6 12. Re1 Bb4 13. Qd2 0-0 14. a3 Bxc3 15. Qxc3 Be6 16. Nh4 Rac8 17. Rac1 Nd4 18. Qd2 Bc4 19. Nf5 Nxf5 20. exf5 Rfd8 21. Qe3 Nd5 22. Qe4 Bxd3 23. cxd3 Qb8 24. Rxc8 Qxc8 25. Qxe5 Nf6 26. Rd1 Rd5 27. Qf4 Rxf5 28. Qe3 Nd5 29. Qe4 Qc2 30. Re1 Qxf2+ 31. Kh1 Nf4 32. Rg1 Ne2 33. Qe8+ Kh7 34. Rd1 Ng3+ 35. Kh2 Nf1+ 36. Kh1 Qg3 0-1

[Event "RN-2016-0-01233"]
[Site "LSS email"]
[Date "2016.12.17"]
[Round "?"]
[White "Masek, Lubos"]
[Black "Strnad, Pavel"]
[Result "1-0"]
[WhiteElo "972"]
[BlackElo "500"]
[PlyCount "41"]
[EventDate "2016.12.12"]
[EventType "tourn (corr)"]
[EventRounds "6"]
[EventCountry "GER"]
[SourceTitle "Corr 2022"]
[Source "ChessBase"]
[SourceDate "2021.10.24"]
[SourceVersion "1"]
[SourceVersionDate "2021.10.24"]
[SourceQuality "1"]

1. d4 Nf6 2. c4 g6 3. e3 Bg7 4. Nf3 d6 5. h3 Nbd7 6. Nc3 0-0 7. Bd3 e6 8. 0-0 b6 9. e4 c5 10. d5 exd5 11. exd5 Re8 12. Qc2 Ne5 13. Nxe5 Rxe5 14. Bf4 Re8 15. Nb5 Bf8 16. Rfe1 a6 17. Nc3 Ra7 18. Ne4 Nxe4 19. Rxe4 Bf5 20. Rxe8 Qxe8 21. Bxf5 1-0

[Event "RN-2016-0-01233"]
[Site "LSS email"]
[Date "2016.12.16"]
[Round "?"]
[White "Kuttner, Jaromir"]
[Black "Masek, Lubos"]
[Result "1-0"]
[WhiteElo "1007"]
[BlackElo "972"]
[PlyCount "125"]
[EventDate "2016.12.12"]
[EventType "tourn (corr)"]
[EventRounds "6"]
[EventCountry "GER"]
[SourceTitle "Corr 2022"]
[Source "ChessBase"]
[SourceDate "2021.10.24"]
[SourceVersion "1"]
[SourceVersionDate "2021.10.24"]
[SourceQuality "1"]

1. e4 c5 2. Nf3 d6 3. Bb5+ Bd7 4. Bxd7+ Qxd7 5. 0-0 e6 6. d4 cxd4 7. Nxd4 Nc6 8. Nc3 a6 9. Re1 h6 10. a3 Nf6 11. b4 d5 12. e5 Nh7 13. f4 Be7 14. Be3 Rc8 15. Nce2 Nxd4 16. Bxd4 Rc4 17. c3 0-0 18. Ng3 Bh4 19. Qg4 Bxg3 20. hxg3 Re8 21. Kf2 Nf8 22. Rh1 Ng6 23. Rh5 Qc8 24. Qf3 Ne7 25. g4 Nc6 26. Bc5 b5 27. g5 Kh7 28. Qd3+ Kh8 29. gxh6 g6 30. Qg3 Kh7 31. Rah1 Rg8 32. Rg5 d4 33. cxd4 Nxd4 34. Bxd4 Rxd4 35. Re1 Qc2+ 36. Kg1 Rd3 37. Re3 Qc1+ 38. Kf2 Qd2+ 39. Re2 Qxe2+ 40. Kxe2 Rxg3 41. Rxg3 Kxh6 42. Rh3+ Kg7 43. Rc3 Ra8 44. g4 a5 45. Rc5 axb4 46. axb4 Rb8 47. g5 Kf8 48. Kd3 Ke8 49. Rc7 Rd8+ 50. Ke3 Rd5 51. Rc5 Kd7 52. Rc1 Kd8 53. Ke4 Kd7 54. Rc2 Kd8 55. Rc6 Ke7 56. Rc7+ Rd7 57. Rc6 Rd5 58. Rb6 Kd7 59. Ra6 Ke7 60. Ra7+ Rd7 61. Ra6 Rd5 62. Rb6 Kf8 63. Rd6 1-0

[Event "RN-2016-0-01231"]
[Site "LSS email"]
[Date "2016.12.14"]
[Round "?"]
[White "Masek, Lubos"]
[Black "Czaban, Tomasz"]
[Result "1-0"]
[WhiteElo "983"]
[BlackElo "647"]
[PlyCount "95"]
[EventDate "2016.12.10"]
[EventType "tourn (corr)"]
[EventRounds "6"]
[EventCountry "GER"]
[SourceTitle "Corr 2022"]
[Source "ChessBase"]
[SourceDate "2021.10.24"]
[SourceVersion "1"]
[SourceVersionDate "2021.10.24"]
[SourceQuality "1"]

1. d4 d5 2. Nf3 Nc6 3. h3 Nf6 4. e3 Bf5 5. a3 a6 6. c4 e6 7. Nc3 Ne4 8. cxd5 exd5 9. Bd3 Nxc3 10. bxc3 Bxd3 11. Qxd3 Be7 12. 0-0 0-0 13. Bb2 Na5 14. Rab1 Nc4 15. a4 Nxb2 16. Rxb2 Rb8 17. Rfb1 Qc8 18. Nd2 b6 19. c4 dxc4 20. Nxc4 Rd8 21. Qe2 a5 22. Ne5 Qe6 23. Rc2 Rd6 24. Rxc7 Bd8 25. Rc4 Bf6 26. Nf3 h6 27. Qc2 Rd7 28. Rc1 Rdd8 29. Nd2 Bg5 30. Rc6 Rd6 31. Rxd6 Qxd6 32. Ne4 Qe7 33. Nxg5 Qxg5 34. Qc7 Qd8 35. Qxd8+ Rxd8 36. Rc6 Rb8 37. Kf1 f6 38. Ke2 Kf7 39. Kd3 b5 40. axb5 Rxb5 41. Rc2 Rb3+ 42. Kc4 a4 43. Ra2 Rb1 44. d5 a3 45. Rxa3 Rb2 46. Ra7+ Kf8 47. d6 Rc2+ 48. Kd5 1-0

[Event "RN-2016-0-01231"]
[Site "LSS email"]
[Date "2016.12.14"]
[Round "?"]
[White "Masek, Lubos"]
[Black "Lebduska, Daniel"]
[Result "1-0"]
[WhiteElo "983"]
[BlackElo "507"]
[PlyCount "53"]
[EventDate "2016.12.10"]
[EventType "tourn (corr)"]
[EventRounds "6"]
[EventCountry "GER"]
[SourceTitle "Corr 2022"]
[Source "ChessBase"]
[SourceDate "2021.10.24"]
[SourceVersion "1"]
[SourceVersionDate "2021.10.24"]
[SourceQuality "1"]

1. d4 Nf6 2. c4 d5 3. e3 e6 4. a3 Nc6 5. Nf3 Bd6 6. Nc3 Na5 7. cxd5 exd5 8. b4 Nc4 9. Bxc4 dxc4 10. Qe2 Be6 11. e4 Be7 12. d5 Bg4 13. Bb2 0-0 14. Qxc4 Bxf3 15. gxf3 a6 16. 0-0-0 Qd6 17. Ne2 b5 18. Qc3 Rfc8 19. e5 Qb6 20. Rhg1 Nh5 21. Nd4 Nf4 22. Rde1 h6 23. Nf5 Nxd5 24. Nxe7+ Nxe7 25. e6 f6 26. Qxf6 Qc6+ 27. Kb1 1-0

[Event "SN-2016-0-00818"]
[Site "LSS email"]
[Date "2016.12.14"]
[Round "?"]
[White "Masek, Lubos"]
[Black "Strnad, Pavel"]
[Result "1-0"]
[WhiteElo "976"]
[BlackElo "495"]
[PlyCount "55"]
[EventDate "2016.11.30"]
[EventType "tourn (corr)"]
[EventRounds "6"]
[EventCountry "GER"]
[SourceTitle "Corr 2022"]
[Source "ChessBase"]
[SourceDate "2021.10.24"]
[SourceVersion "1"]
[SourceVersionDate "2021.10.24"]
[SourceQuality "1"]

1. d4 g6 2. c4 Bg7 3. e3 Nf6 4. Nc3 d6 5. h3 Nbd7 6. Nf3 0-0 7. Bd3 c5 8. 0-0 e5 9. dxe5 dxe5 10. Qc2 b6 11. b3 Qc7 12. Bb2 Bb7 13. Be2 Rfe8 14. Rad1 Rad8 15. Nb5 Qb8 16. Nd6 Re6 17. Nxb7 Qxb7 18. Ng5 Re7 19. Nf3 Qc7 20. Ng5 e4 21. Bxf6 Nxf6 22. Rxd8+ Qxd8 23. Rd1 Qc7 24. h4 Bh6 25. Nh3 Qc8 26. Rd6 Re6 27. Qd2 Bg7 28. Rd8+ 1-0

[Event "RN-2016-0-01230"]
[Site "LSS email"]
[Date "2016.12.14"]
[Round "?"]
[White "Venturas, Bob"]
[Black "Masek, Lubos"]
[Result "1-0"]
[WhiteElo "544"]
[BlackElo "974"]
[PlyCount "61"]
[EventDate "2016.12.09"]
[EventType "tourn (corr)"]
[EventRounds "6"]
[EventCountry "GER"]
[SourceTitle "Corr 2022"]
[Source "ChessBase"]
[SourceDate "2021.10.24"]
[SourceVersion "1"]
[SourceVersionDate "2021.10.24"]
[SourceQuality "1"]

1. e4 c5 2. Nf3 d6 3. d4 cxd4 4. Qxd4 a6 5. Nc3 Nc6 6. Qd1 Bg4 7. Be2 Bxf3 8. Bxf3 e6 9. 0-0 h6 10. b3 Nf6 11. Bb2 Be7 12. a3 Qc7 13. Qd2 Rc8 14. Rae1 0-0 15. Ne2 Na5 16. Bc3 Nc6 17. Bb2 Rfd8 18. Ng3 d5 19. e5 Ne4 20. Qe2 Nxg3 21. fxg3 Bc5+ 22. Kh1 Nd4 23. Bxd4 Bxd4 24. c4 dxc4 25. Rc1 c3 26. Be4 Bxe5 27. Qf3 b5 28. b4 Rd2 29. Bc2 Qc6 30. Qxf7+ Kh8 31. Qf8+ 1-0

[Event "SN-2016-0-00810"]
[Site "LSS email"]
[Date "2016.11.15"]
[Round "?"]
[White "Neuhausen, Rainer"]
[Black "Masek, Lubos"]
[Result "0-1"]
[WhiteElo "980"]
[BlackElo "963"]
[PlyCount "88"]
[EventDate "2016.11.05"]
[EventType "tourn (corr)"]
[EventRounds "6"]
[EventCountry "GER"]
[SourceTitle "Corr 2022"]
[Source "ChessBase"]
[SourceDate "2021.10.24"]
[SourceVersion "1"]
[SourceVersionDate "2021.10.24"]
[SourceQuality "1"]

1. d4 d5 2. Nf3 e6 3. c4 dxc4 4. e4 h6 5. Bxc4 Nf6 6. Nc3 a6 7. Bf4 Bb4 8. 0-0 b5 9. Bd3 Bb7 10. Re1 c5 11. dxc5 Bxc5 12. Be3 Bxe3 13. Rxe3 Nc6 14. h3 0-0 15. e5 Nd5 16. Nxd5 Qxd5 17. a3 Rad8 18. Qc2 Nd4 19. Qc3 Nxf3+ 20. Rxf3 Rc8 21. Qe1 Kh8 22. Bf1 Qd4 23. Rd3 Qxb2 24. Rdd1 Qc3 25. Qxc3 Rxc3 26. Rdc1 Rfc8 27. Rxc3 Rxc3 28. Kh2 Rc2 29. Kg3 Bd5 30. Bd3 Ra2 31. Rc1 g6 32. Rc3 Kg7 33. Bb1 Re2 34. Re3 Rxe3+ 35. fxe3 a5 36. Kf2 b4 37. axb4 axb4 38. g3 g5 39. h4 f5 40. hxg5 hxg5 41. g4 fxg4 42. Kg3 Bf3 43. e4 Kf7 44. Kf2 Ke7 0-1

[Event "SN-2016-0-00810"]
[Site "LSS email"]
[Date "2016.11.14"]
[Round "?"]
[White "Masek, Lubos"]
[Black "Czaban, Tomasz"]
[Result "1-0"]
[WhiteElo "963"]
[BlackElo "679"]
[PlyCount "55"]
[EventDate "2016.11.05"]
[EventType "tourn (corr)"]
[EventRounds "6"]
[EventCountry "GER"]
[SourceTitle "Corr 2022"]
[Source "ChessBase"]
[SourceDate "2021.10.24"]
[SourceVersion "1"]
[SourceVersionDate "2021.10.24"]
[SourceQuality "1"]

1. d4 d6 2. c4 c5 3. e3 cxd4 4. exd4 Nf6 5. h3 Nc6 6. Be3 b6 7. Nf3 Ne4 8. Bd3 Bf5 9. a3 g6 10. Qc2 Bg7 11. Bxe4 Bxe4 12. Qxe4 0-0 13. Nc3 Na5 14. Qd3 Rc8 15. Rc1 Nxc4 16. Qe2 Nxe3 17. fxe3 Rc7 18. 0-0 Qd7 19. e4 Rfc8 20. Qd2 Qc6 21. Rfe1 Qb7 22. e5 dxe5 23. Nxe5 f6 24. Nf3 Kf7 25. Qe3 f5 26. Qe6+ Kf8 27. Ng5 Qxg2+ 28. Kxg2 1-0

[Event "OP-2016-0-04209"]
[Site "LSS email"]
[Date "2016.11.14"]
[Round "?"]
[White "Masek, Lubos"]
[Black "Kuttner, Jaromir"]
[Result "0-1"]
[WhiteElo "962"]
[BlackElo "668"]
[PlyCount "90"]
[EventDate "2016.11.09"]
[EventType "tourn (corr)"]
[EventRounds "4"]
[EventCountry "GER"]
[SourceTitle "Corr 2022"]
[Source "ChessBase"]
[SourceDate "2021.10.24"]
[SourceVersion "1"]
[SourceVersionDate "2021.10.24"]
[SourceQuality "1"]

1. d4 Nf6 2. c4 c5 3. e3 e6 4. Nf3 d5 5. a3 Nc6 6. h3 cxd4 7. exd4 Be7 8. Be3 0-0 9. Nc3 b6 10. Rc1 Bb7 11. Be2 Rc8 12. cxd5 Nxd5 13. Nxd5 Qxd5 14. Bc4 Qa5+ 15. Bd2 Qf5 16. 0-0 Rfd8 17. Bc3 Bf6 18. Re1 Nxd4 19. Nxd4 Bxd4 20. Bxd4 Qf4 21. Be3 Rxd1 22. Bxf4 Rxe1+ 23. Rxe1 Rxc4 24. Rd1 Bd5 25. Be5 f6 26. Bc3 Kf7 27. f3 g5 28. Kf2 Rc5 29. Ke3 f5 30. g3 h5 31. Rd2 Kg6 32. Bb4 Rc7 33. Bd6 Rc1 34. Rh2 Rf1 35. f4 Rf3+ 36. Kd4 g4 37. hxg4 hxg4 38. Bb8 a6 39. Ke5 Rxg3 40. Kd6 Rb3 41. Bc7 g3 42. Rh8 Kg7 43. Rh5 g2 44. Rg5+ Kh6 45. Ke7 Rxb2 0-1

[Event "RN-2016-0-01216"]
[Site "LSS email"]
[Date "2016.11.14"]
[Round "?"]
[White "Masek, Lubos"]
[Black "Shim Ng Min, Francis"]
[Result "1/2-1/2"]
[WhiteElo "962"]
[BlackElo "1126"]
[PlyCount "64"]
[EventDate "2016.11.08"]
[EventType "tourn (corr)"]
[EventRounds "6"]
[EventCountry "GER"]
[SourceTitle "Corr 2022"]
[Source "ChessBase"]
[SourceDate "2021.10.24"]
[SourceVersion "1"]
[SourceVersionDate "2021.10.24"]
[SourceQuality "1"]

1. d4 d5 2. Nf3 Nf6 3. h3 e6 4. a3 Be7 5. e3 0-0 6. c4 dxc4 7. Bxc4 c5 8. Nc3 Nc6 9. 0-0 cxd4 10. exd4 b6 11. Be3 Bb7 12. Be2 Nd5 13. Nxd5 exd5 14. b4 Bf6 15. Rc1 Rc8 16. Qb3 Ne7 17. a4 Nf5 18. b5 Nxe3 19. fxe3 Qe7 20. Rfe1 g6 21. Rxc8 Rxc8 22. Bd3 Rc1 23. Rxc1 Qxe3+ 24. Kh2 Qxc1 25. Qc2 Qf4+ 26. Kh1 Bxd4 27. Nxd4 Qxd4 28. Qc7 Qxd3 29. Qxb7 Qd1+ 30. Kh2 Qxa4 31. Qb8+ Kg7 32. Qe5+ Kg8 1/2-1/2

[Event "RN-2016-0-01215"]
[Site "LSS email"]
[Date "2016.11.13"]
[Round "?"]
[White "Krivosheya, Dmitrij"]
[Black "Masek, Lubos"]
[Result "0-1"]
[WhiteElo "495"]
[BlackElo "964"]
[PlyCount "72"]
[EventDate "2016.11.06"]
[EventType "tourn (corr)"]
[EventRounds "6"]
[EventCountry "GER"]
[SourceTitle "Corr 2022"]
[Source "ChessBase"]
[SourceDate "2021.10.24"]
[SourceVersion "1"]
[SourceVersionDate "2021.10.24"]
[SourceQuality "1"]

1. e4 c5 2. f3 d5 3. Bb5+ Bd7 4. Bxd7+ Qxd7 5. d3 e6 6. a3 Nc6 7. Bg5 Be7 8. h4 0-0-0 9. Nc3 Nf6 10. Nge2 d4 11. Nb5 a6 12. Nbxd4 Nxd4 13. Nxd4 Qxd4 14. Rb1 h6 15. Bxf6 Bxf6 16. c3 Qxd3 17. Qxd3 Rxd3 18. Rd1 Rhd8 19. Rxd3 Rxd3 20. 0-0 Bxh4 21. Kh2 Rd2 22. b4 Rc2 23. Kh3 Bf6 24. a4 Rxc3 25. b5 axb5 26. axb5 Rb3 27. Rc1 b6 28. Kg3 Rxb5 29. f4 Rb3+ 30. Kg4 Rc3 31. Rxc3 Bxc3 32. f5 exf5+ 33. Kxf5 Bf6 34. g3 c4 35. e5 Bxe5 36. Kxe5 c3 0-1

[Event "RN-2016-0-01215"]
[Site "LSS email"]
[Date "2016.11.13"]
[Round "?"]
[White "Masek, Lubos"]
[Black "Bester, Kazimierz"]
[Result "1-0"]
[WhiteElo "964"]
[BlackElo "799"]
[PlyCount "125"]
[EventDate "2016.11.06"]
[EventType "tourn (corr)"]
[EventRounds "6"]
[EventCountry "GER"]
[SourceTitle "Corr 2022"]
[Source "ChessBase"]
[SourceDate "2021.10.24"]
[SourceVersion "1"]
[SourceVersionDate "2021.10.24"]
[SourceQuality "1"]

1. d4 d5 2. Nf3 Nf6 3. h3 Nc6 4. e3 Ne4 5. c4 Be6 6. cxd5 Bxd5 7. Bd2 g6 8. Nc3 Nxc3 9. Bxc3 Bg7 10. Be2 Qd6 11. 0-0 0-0-0 12. Bd3 Rhg8 13. e4 Be6 14. d5 Bxh3 15. Bxg7 Nb4 16. Bh6 Bg4 17. a3 Nxd3 18. Qxd3 f6 19. Be3 Bxf3 20. gxf3 Kb8 21. Kg2 e5 22. Rac1 g5 23. Rc3 h5 24. Rfc1 Rg7 25. Rc6 Qf8 26. Bc5 Qe8 27. Rxf6 b6 28. Bb4 g4 29. Rf8 Qd7 30. Rxd8+ Qxd8 31. d6 c5 32. Bc3 gxf3+ 33. Kxf3 Qf6+ 34. Ke2 Qf4 35. d7 Qg4+ 36. Qf3 Rxd7 37. Qxg4 hxg4 38. Bxe5+ Kb7 39. Rg1 Re7 40. Bf4 Rxe4+ 41. Be3 Kc6 42. Kd3 Ra4 43. Rc1 Kd5 44. Rg1 Re4 45. Rh1 c4+ 46. Kc3 Kc6 47. Rh7 a5 48. Rh6+ Kd5 49. Rxb6 a4 50. Ra6 g3 51. Ra5+ Ke6 52. Rxa4 gxf2 53. Bxf2 Rf4 54. Bd4 Kd5 55. Rxc4 Rf3+ 56. Kb4 Rd3 57. Bc3 Rh3 58. a4 Rh7 59. Rd4+ Kc6 60. a5 Rb7+ 61. Ka4 Kc5 62. Rb4 Ra7 63. Bd4+ 1-0

[Event "OP-2016-0-04209"]
[Site "LSS email"]
[Date "2016.11.13"]
[Round "?"]
[White "Masek, Lubos"]
[Black "Chura, Michal"]
[Result "0-1"]
[WhiteElo "962"]
[BlackElo "1132"]
[PlyCount "76"]
[EventDate "2016.11.09"]
[EventType "tourn (corr)"]
[EventRounds "4"]
[EventCountry "GER"]
[SourceTitle "Corr 2022"]
[Source "ChessBase"]
[SourceDate "2021.10.24"]
[SourceVersion "1"]
[SourceVersionDate "2021.10.24"]
[SourceQuality "1"]

1. d4 b5 2. e4 Bb7 3. Bd3 e6 4. Qe2 a6 5. Nf3 d5 6. c3 Be7 7. h3 Nf6 8. e5 Nfd7 9. a3 c5 10. dxc5 Nxc5 11. Bc2 Nc6 12. Bf4 d4 13. cxd4 Nd7 14. Be4 Nb6 15. Bxc6+ Bxc6 16. Nc3 0-0 17. 0-0 Nc4 18. b4 Qb6 19. Rfd1 Rfd8 20. Be3 Qb7 21. a4 Bxb4 22. axb5 Bxb5 23. Nxb5 Qxb5 24. Rab1 a5 25. Bd2 Rab8 26. Rdc1 Nxd2 27. Qxb5 Rxb5 28. Nxd2 g6 29. Nf3 Rd7 30. Rc4 Rbd5 31. Kf1 Kf8 32. Ke2 Ke7 33. Ke3 Rb5 34. Kd3 Rdb7 35. Ng5 h6 36. Ne4 Kf8 37. Nd6 Bxd6 38. exd6 Rxb1 0-1

[Event "RN-2016-0-01215"]
[Site "LSS email"]
[Date "2016.11.13"]
[Round "?"]
[White "Masek, Lubos"]
[Black "Venturas, Bob"]
[Result "1-0"]
[WhiteElo "964"]
[BlackElo "633"]
[PlyCount "33"]
[EventDate "2016.11.06"]
[EventType "tourn (corr)"]
[EventRounds "6"]
[EventCountry "GER"]
[SourceTitle "Corr 2022"]
[Source "ChessBase"]
[SourceDate "2021.10.24"]
[SourceVersion "1"]
[SourceVersionDate "2021.10.24"]
[SourceQuality "1"]

1. d4 d5 2. Nf3 h6 3. h3 a6 4. e3 Nc6 5. c4 e6 6. a3 Nf6 7. Nc3 Be7 8. Bd3 0-0 9. 0-0 Nh7 10. Qc2 g6 11. cxd5 exd5 12. e4 dxe4 13. Bxe4 Bd7 14. Bxh6 Re8 15. Bxg6 fxg6 16. Qxg6+ Kh8 17. Qg7# 1-0

[Event "RN-2016-0-01215"]
[Site "LSS email"]
[Date "2016.11.13"]
[Round "?"]
[White "Neumann, Otto"]
[Black "Masek, Lubos"]
[Result "0-1"]
[WhiteElo "974"]
[BlackElo "964"]
[PlyCount "50"]
[EventDate "2016.11.06"]
[EventType "tourn (corr)"]
[EventRounds "6"]
[EventCountry "GER"]
[SourceTitle "Corr 2022"]
[Source "ChessBase"]
[SourceDate "2021.10.24"]
[SourceVersion "1"]
[SourceVersionDate "2021.10.24"]
[SourceQuality "1"]

1. d4 d5 2. Nf3 e6 3. Bf4 a6 4. e3 h6 5. Nbd2 b5 6. Bd3 Bb7 7. c3 c5 8. dxc5 Bxc5 9. Nb3 Bd6 10. Ne5 Nf6 11. Nd4 Bxe5 12. Bxe5 Nc6 13. Nxc6 Bxc6 14. Rc1 Rc8 15. Bb1 0-0 16. Qd3 g6 17. 0-0 Ng4 18. Qd4 Nxe5 19. Qxe5 Qg5 20. Qd6 d4 21. e4 Rfd8 22. Qb4 d3 23. f4 Qg4 24. Qb3 Bxe4 25. h3 Qxg2# 0-1

[Event "SN-2016-0-00807"]
[Site "LSS email"]
[Date "2016.11.07"]
[Round "?"]
[White "Masek, Lubos"]
[Black "Gyongyosi, Peter Laszlo"]
[Result "1-0"]
[WhiteElo "999"]
[BlackElo "757"]
[PlyCount "43"]
[EventDate "2016.10.29"]
[EventType "tourn (corr)"]
[EventRounds "6"]
[EventCountry "GER"]
[SourceTitle "Corr 2022"]
[Source "ChessBase"]
[SourceDate "2021.10.24"]
[SourceVersion "1"]
[SourceVersionDate "2021.10.24"]
[SourceQuality "1"]

1. d4 d5 2. Nf3 Nf6 3. h3 g6 4. e3 Bg7 5. c4 e6 6. Nc3 0-0 7. Be2 Nbd7 8. 0-0 c6 9. Re1 b5 10. cxb5 cxb5 11. Nxb5 Ba6 12. Nc3 Bxe2 13. Qxe2 Ne4 14. Nxe4 dxe4 15. Nd2 f5 16. b3 Nc5 17. Ba3 Nd3 18. Bxf8 Nxe1 19. Bxg7 Nc2 20. Rc1 Rc8 21. Be5 Qa5 22. Nc4 1-0

[Event "SN-2016-0-00807"]
[Site "LSS email"]
[Date "2016.11.07"]
[Round "?"]
[White "Popov, Misha"]
[Black "Masek, Lubos"]
[Result "1-0"]
[WhiteElo "871"]
[BlackElo "999"]
[PlyCount "55"]
[EventDate "2016.10.29"]
[EventType "tourn (corr)"]
[EventRounds "6"]
[EventCountry "GER"]
[SourceTitle "Corr 2022"]
[Source "ChessBase"]
[SourceDate "2021.10.24"]
[SourceVersion "1"]
[SourceVersionDate "2021.10.24"]
[SourceQuality "1"]

1. Nf3 d5 2. d4 e6 3. c4 dxc4 4. Qa4+ Qd7 5. Nc3 a6 6. Qxc4 b5 7. Qd3 Bb7 8. e4 c5 9. d5 Nf6 10. Bg5 Be7 11. dxe6 Qxe6 12. Be2 b4 13. Na4 Nc6 14. 0-0 Rd8 15. Qc4 Qxe4 16. Bxf6 Qxc4 17. Bxc4 gxf6 18. Rfe1 Kd7 19. Bxf7 Rhf8 20. Nb6+ Kc7 21. Nd5+ Kd7 22. Be6+ Kd6 23. Rad1 Nd4 24. Nf4 Kc7 25. Nxd4 Rxd4 26. Rxd4 cxd4 27. Bf5 Bc8 28. Bxc8 1-0

[Event "RN-2016-0-01201"]
[Site "LSS email"]
[Date "2016.10.20"]
[Round "?"]
[White "Garcia, Javier"]
[Black "Masek, Lubos"]
[Result "1-0"]
[WhiteElo "692"]
[BlackElo "1002"]
[PlyCount "69"]
[EventDate "2016.10.09"]
[EventType "tourn (corr)"]
[EventRounds "6"]
[EventCountry "GER"]
[SourceTitle "Corr 2022"]
[Source "ChessBase"]
[SourceDate "2021.10.24"]
[SourceVersion "1"]
[SourceVersionDate "2021.10.24"]
[SourceQuality "1"]

1. e4 c5 2. Nf3 d6 3. Bb5+ Bd7 4. Bxd7+ Qxd7 5. 0-0 Nc6 6. d3 h6 7. Be3 e6 8. Nc3 a6 9. a3 Nf6 10. Re1 Be7 11. Qe2 b5 12. h3 Qc7 13. Bf4 Qb7 14. e5 dxe5 15. Nxe5 Nxe5 16. Bxe5 0-0 17. Rad1 Rfd8 18. Bxf6 Bxf6 19. Qe4 Qxe4 20. dxe4 Bxc3 21. bxc3 c4 22. Rd4 e5 23. Rd5 Rxd5 24. exd5 f6 25. Rd1 Rd8 26. Kf1 Kf7 27. Ke2 f5 28. Ke3 Kf6 29. g3 Rd6 30. f3 g5 31. g4 f4+ 32. Ke4 Kg6 33. Kxe5 Rd8 34. d6 Kf7 35. Rd5 1-0